Trabajo, derecho y sociedad
Guardat en:
| Autor principal: | |
|---|---|
| Format: | Llibre |
| Idioma: | espanyol |
| Publicat: |
Montevideo
Fundación de Cultura Universitaria
2004
|
| Edició: | 1a. ed |
| Matèries: | |
| Etiquetes: |
Afegir etiqueta
Sense etiquetes, Sigues el primer a etiquetar aquest registre!
|
MARC
| LEADER | 00000nam a2200000 a 4500 | ||
|---|---|---|---|
| 001 | UCK7316 | ||
| 003 | CL-VaPUC | ||
| 008 | 051118e20040000UY |||||||||||||||||spa|d | ||
| 020 | |a 9974205069 | ||
| 082 | 0 | 4 | |a 344.8901 |b SAR |2 21 |
| 100 | 0 | |a Sarthou, Helios |e author |9 496833 | |
| 245 | 1 | 0 | |a Trabajo, derecho y sociedad |
| 250 | |a 1a. ed | ||
| 300 | |a v | ||
| 942 | |c BK | ||
| 945 | |d 20051118 00:00:00 |a cmena | ||
| 260 | |a Montevideo |b Fundación de Cultura Universitaria |c 2004 | ||
| 500 | |a v.2: Estudios de derecho individual del trabajo | ||
| 650 | 0 | |a Trabajadores |9 260887 | |
| 650 | 7 | |a DERECHO LABORAL |2 CL-VaPUC |9 15 | |
| 650 | 0 | |a Derecho procesal penal |9 255496 | |
| 651 | 0 | |a Uruguay |9 255194 | |
| 583 | |a last modification |c 20170731 11:58:04 |k Rodrigo Vera | ||
| 999 | |c 315315 |d 315313 | ||
| 952 | |0 0 |1 0 |4 0 |6 344_890100000000000_SAR_2004 |7 0 |8 A |9 388410 |a BIBDER |b BIBDER |d 2019-11-22 |h v.2 |i 4175565 |o 344.8901 SAR 2004 |p 4175565 |r 2023-01-25 |w 2019-11-22 |y BK |k DER | ||